000 00524nam a2200181 i 4500
001 120793
003 ES-MaACL
005 20230906191626.0
007 t|
008 070214s1971 sp r ||||1| spa d
100 1 _aPolo, Carlos.
_992856
245 1 0 _aGalicia
_b: en sus hombres de hoy /
_cCarlos Polo.
260 _aMadrid :
_b[s.n.],
_c1971 (
_fGráf. Virgen de Loreto)
300 _a1 v. ;
_c24 cm.
500 _aEs el volumen I.
650 4 _aGallegos-
_vBiografías.
_9136160
852 _aES-MaACL
_jP-1663
_bR.79840
999 _c120793
_d120793